| 000 | 00346nam a2200145Ia 4500 | ||
|---|---|---|---|
| 008 | 150201s2009 xx 000 0 und d | ||
| 082 |
_a616 _bM09C |
||
| 100 | _aCOOK,CORDON C | ||
| 245 | _aMANSONS TROPICAL DISEASES | ||
| 250 | _a1ST | ||
| 260 |
_bELSEIVER _aDELHI _c2009 |
||
| 300 | _a1-1830 | ||
| 650 | _aMEDICINE AND DIAGNOSIS | ||
| 942 |
_2ddc _cBK |
||
| 999 |
_c567 _d567 |
||